| 000 | 00401nam a22001337a 4500 | ||
|---|---|---|---|
| 008 | 131129b xxu||||| |||| 00| 0 eng d | ||
| 050 | _aSPC DT434.E2G5 | ||
| 100 |
_aGicaru, Muga _94372 |
||
| 245 |
_aLand of sunshine _bScenes of life in Kenya before Mau Mau |
||
| 260 |
_aLondon _bLawrence & Wishart _c1958 |
||
| 300 |
_a175p. _c22cm |
||
| 650 |
_aKenya _94373 _xRace relations |
||
| 942 |
_2lcc _cMONOGRAPH |
||
| 999 |
_c118839 _d118839 |
||